=LDR 00000nam 2200000 4500 =001 INLIS00000000000030 =005 20260702043538 =020 ##$$a 9786237495291 =082 ##$$a 899.221 =100 1#$$a Despersa =245 1 $$a Dear G /$c Despersa =300 ##$$a 262 ; 14 x 20,5